| 000 | 00382nam a22001337a 4500 | ||
|---|---|---|---|
| 005 | 20250812163530.0 | ||
| 082 |
_a824214.21 _bCHO |
||
| 100 |
_aCHOUDHARY, Sourabh _aCHOUDHARY, Meera |
||
| 245 | _aSugam Hindi apadhith bodh evam lekhan: Padhan evam lekhan kaushal kaa vikas - Hindi | ||
| 260 |
_aDelhi _bChoice International |
||
| 300 | _a292p. | ||
| 650 | _aHindi essays | ||
| 942 | _cBK | ||
| 999 |
_c75035 _d75035 |
||